| Tag |
First Indicator |
Second Indicator |
Subfields |
| LEADER |
00000cam a2200000 a 4500 |
| 001 |
in00000577488 |
| 005 |
20151014073448.0 |
| 008 |
860418s1986 enka b 00110 eng |
| 010 |
|
|
|a 86147433
|
| 020 |
|
|
|a 0851398375 :
|c 14.50
|
| 035 |
|
|
|a (OCoLC)14414048
|
| 035 |
|
|
|9 ACP4517AM
|
| 040 |
|
|
|a DLC
|c DLC
|d m/c
|d TXA
|d UtOrBLW
|
| 049 |
|
|
|a TXAM
|c [A10135406]
|
| 050 |
0 |
0 |
|a TA775
|b .H48 1986
|
| 082 |
0 |
|
|a 624.1/5
|
| 100 |
1 |
|
|a Hodgkinson, Allan.
|
| 245 |
1 |
0 |
|a Foundation design /
|c Allan Hodgkinson.
|
| 264 |
|
1 |
|a London :
|b Architectural Press,
|c 1986.
|
| 300 |
|
|
|a 127 pages :
|b illustrations ;
|c 24 cm.
|
| 336 |
|
|
|a text
|b txt
|2 rdacontent
|
| 337 |
|
|
|a unmediated
|b n
|2 rdamedia
|
| 338 |
|
|
|a volume
|b nc
|2 rdacarrier
|
| 500 |
|
|
|a Includes index.
|
| 504 |
|
|
|a Bibliography: pages 123-124.
|
| 650 |
|
0 |
|a Foundations
|x Design and construction.
|
| 650 |
|
0 |
|a Soil mechanics.
|
| 999 |
|
|
|a MARS
|
| 999 |
f |
f |
|s 7b8a99df-b3bf-39d0-b199-48df78fe76de
|i 431e50d3-4a7c-38da-9100-e30820395de3
|t 0
|
| 952 |
f |
f |
|p normal
|a Texas A&M University
|b College Station
|c Sterling C. Evans Library
|d Evans: Library Stacks
|t 0
|e TA775 .H48 1986
|h Library of Congress classification
|i unmediated -- volume
|m A14810135406
|
| 998 |
f |
f |
|a TA775 .H48 1986
|t 0
|l Evans: Library Stacks
|